Maulana Azad Album (Record no. 7110)

MARC details
000 -LEADER
fixed length control field 00622nam a2200253 a 4500
020 ## - INTERNATIONAL STANDARD BOOK NUMBER
ISBN
082 00 - DEWEY DECIMAL CLASSIFICATION NUMBER
Classification number 922.97
Author Cutter NIZ
100 ## - MAIN ENTRY--AUTHOR NAME
Author name Nizami, Khaliq Ahmed
245 ## - TITLE STATEMENT
Title Maulana Azad Album
260 ## - PUBLICATION, DISTRIBUTION, ETC. (IMPRINT)
Place of publication Delhi
Name of publisher Idara-I-Adabiyat-I-Dilli
Year of publication 1988
300 ## - PHYSICAL DESCRIPTION
Number of Pages 169p
500 ## - GENERAL NOTE
General note includes index and biblioraphy
505 2# - FORMATTED CONTENTS NOTE
Formatted contents note Chronology
650 ## - SUBJECT ADDED ENTRY--TOPICAL TERM
Topical Term Abul Kalam Azad-Album
650 ## - SUBJECT ADDED ENTRY--TOPICAL TERM
Topical Term India-Politics
942 ## - ADDED ENTRY ELEMENTS (KOHA)
Koha item type Books
700 1# -
-- Nizami, Khaliq Ahmed
Holdings
Home library Current library Shelving location Date acquired Cost, normal purchase price Full call number Accession Number Koha item type
Henry Martyn Institute Library Henry Martyn Institute Library Reference 06/06/2007 675.00 922.97 NIZ 013387 Books
                   Copyright © 2026 | Henry Martyn Institute | Hyderabad | TS-500052 | INDIA | Implemented by hmi.edu.in
Hit-Count:

Powered by Koha